000 00862cam a22002773a 4500
001 34630
003 PGUSA
005 20140828083740.0
008 110115s2011||||xxu|||||s|||||000 1 eng d
040 _aPGUSA
_beng
042 _adc
050 4 _aPR
100 1 _aRoss, Martin,
_d1862-1915
245 1 0 _aSome Experiences of an Irish R.M.
_h[electronic resource] /
_cMartin Ross
260 _bProject Gutenberg,
_c2011
506 _aPublic domain in the USA.
516 _aElectronic text
653 _aHumorous stories, English
653 _aJustices of the peace -- Fiction
653 _aIreland -- Social life and customs -- Fiction
653 _aBritish -- Ireland -- Fiction
740 0 _aSome experiences of an Irish Resident Magistrate
830 0 _aProject Gutenberg
_v34630
856 4 0 _uhttp://www.gutenberg.org/ebooks/34630
942 _cEB
999 _c263885
_d263885